JULBEMD Geography: Hidden Places II Quiz Stats

 Plays Quiz Updated Jan 17, 2013

Challenge
Share
Tweet
Embed
Score 0/31 Timer 04:00
0 Plays Today
% Correct
Q (A) TAR
88.7%
MAL (T) A
85%
(K) ENYA
84.4%
(C) HILE
83%
(N) EPAL
82.2%
TEXA (S)
82%
SE (O) UL
79.9%
MIN (S) K
79.8%
IDAH (O)
79.6%
(B) ENIN
78.3%
GHA (N) A
78%
S (Y) RIA
75.7%
QU (I) TO
73.6%
(L) IBYA
73.5%
HAN (O) I
73.2%
NI (G) ER
72%
% Correct
KYOT (O)
65.4%
PALA (U)
62.9%
T (O) NGA
61.8%
(C) HINA
60.7%
V (A) DUZ
59.7%
D (H) AKA
59.1%
SOFI (A)
57%
L (A) GOS
55.1%
ACC (R) A
55%
TEMP (E)
54.5%
NAU (R) U
49.3%
AB (U) JA
48.4%
MA (I) NE
45.3%
BO (I) SE
45.2%
CAIRO
43.3%

You're not logged in!

Compare scores with friends on all Sporcle quizzes.
Join for Free
OR
Log In

You Might Also Like...

Show Comments

Extras

Top Quizzes Today


Score Distribution

Your Account Isn't Verified!

In order to create a playlist on Sporcle, you need to verify the email address you used during registration. Go to your Sporcle Settings to finish the process.

Report this User

Report this user for behavior that violates our Community Guidelines.

Details: